000 00826nam a2200241Ia 4500
003 OSt
005 20220923213641.0
006 a|||||r|||| 00| 0
007 ta
008 220922b |||||||| |||| 00| 0 hin d
024 _a163,788
037 _cTextual
040 _aARTS
_cARTS
_bhin
041 _2hin
_ahin
082 _aO152,1M89,18:g, J3
100 _aसहल, कन्हैयालाल; स्नातक, विजयेन्द्र
_9163124
245 0 _aकामायनी-दर्शन
246 _aKāmāyanī-darshana
260 _c1953
650 _aहिन्दी साहित्य
_9156264
942 _hO152,1M89,18:g, J3
_cTEXL
_2CC
999 _c318268
_d318268